Out on the terrace (Record no. 68256)
[ view plain ]
| 000 -LEADER | |
|---|---|
| fixed length control field | 00936cam a2200217 4500 |
| 001 - CONTROL NUMBER | |
| control field | WB3734-23 |
| 008 - FIXED-LENGTH DATA ELEMENTS--GENERAL INFORMATION | |
| fixed length control field | 010912n2001 000 0 eng u |
| 035 ## - SYSTEM CONTROL NUMBER | |
| System control number | (Sirsi) u114554 |
| 245 ## - TITLE STATEMENT | |
| Title | Out on the terrace |
| 260 ## - PUBLICATION, DISTRIBUTION, ETC. | |
| Date of publication, distribution, etc. | 2001 |
| 490 ## - SERIES STATEMENT | |
| Series statement | Estates Gazette |
| Volume/sequential designation | (0136) 8 September 2001, 178(1) |
| 520 ## - SUMMARY, ETC. | |
| Summary, etc. | Considers the definition of 'main structure' and the resulting obligation to repair with reference to the case, "Ibrahim v Dovecorn Reversion Ltd and others". The landlord was obliged to repair the tenant's leaking roof terrace because everything except the surface of the terrace was deemed to form part of the main structure. |
| 590 ## - LOCAL NOTE (RLIN) | |
| Local note | WB |
| 650 ## - SUBJECT ADDED ENTRY--TOPICAL TERM | |
| Topical term or geographic name entry element | MAIN STRUCTURE |
| 650 ## - SUBJECT ADDED ENTRY--TOPICAL TERM | |
| Topical term or geographic name entry element | OBLIGATION TO REPAIR |
| 650 ## - SUBJECT ADDED ENTRY--TOPICAL TERM | |
| Topical term or geographic name entry element | IBRAHIM V DOVECORN REVERSIONS LTD |
| 650 ## - SUBJECT ADDED ENTRY--TOPICAL TERM | |
| Topical term or geographic name entry element | ROOF TERRACE |
| 650 ## - SUBJECT ADDED ENTRY--TOPICAL TERM | |
| Topical term or geographic name entry element | REPAIRS |
| 690 ## - LOCAL SUBJECT ADDED ENTRY--TOPICAL TERM (OCLC, RLIN) | |
| Topical term or geographic name as entry element | PROPERTY-RESIDENTIAL PROPERTY-RESIDENTIAL LANDLORD AND TENANT-RESIDENTIAL TENANCIES |
| 942 ## - ADDED ENTRY ELEMENTS (KOHA) | |
| Suppress in OPAC | 0 |
| Withdrawn status | Lost status | Source of classification or shelving scheme | Damaged status | Not for loan | Home library | Current library | Shelving location | Date acquired | Total Checkouts | Full call number | Barcode | Date last seen | Copy number | Price effective from | Koha item type |
|---|---|---|---|---|---|---|---|---|---|---|---|---|---|---|---|
| Dewey Decimal Classification | London | London | News article | 12/09/2001 | WB3734-23 | 114554-1001 | 06/08/2019 | 1 | 06/08/2019 | News article |